تمہارے غم : (Record no. 106939)

MARC details
000 -LEADER
fixed length control field 00885nam a22002537a 4500
005 - DATE AND TIME OF LATEST TRANSACTION
control field 20170123162319.0
010 ## - LIBRARY OF CONGRESS CONTROL NUMBER
LC control number A-940858
020 ## - INTERNATIONAL STANDARD BOOK NUMBER
Terms of availability 175.00
035 ## - SYSTEM CONTROL NUMBER
System control number A-940858
037 ## - SOURCE OF ACQUISITION
Source of stock number/acquisition Cen Lib/Ret
040 ## - CATALOGING SOURCE
Original cataloging agency DPL
Language of cataloging UR
082 ## - DEWEY DECIMAL CLASSIFICATION NUMBER
Classification number 842
Item number ش ر م
100 ## - MAIN ENTRY--PERSONAL NAME
Personal name شرما، روتی سرن
9 (RLIN) 878
245 ## - TITLE STATEMENT
Title تمہارے غم :
Statement of responsibility, etc روتی سرن شرما
Remainder of title چار اسٹیج ڈرامے /
246 ## - VARYING FORM OF TITLE
Title proper/short title Tumhare gham mere : char stage drame /
Remainder of title by Revti Saran Sharma
260 ## - PUBLICATION, DISTRIBUTION, ETC. (IMPRINT)
Place of publication, distribution, etc نیی دہلی
Name of publisher, distributor, etc روتی سرن شرما
Date of publication, distribution, etc 1998
270 ## - ADDRESS
City نیی دہلی
Address A-36 چٹک پرٹمنٹ سیکٹر ٩، روہنی
Postal code 110085
300 ## - PHYSICAL DESCRIPTION
Extent 190p.
Dimensions 21cm(Hb)
650 ## - SUBJECT ADDED ENTRY--TOPICAL TERM
Topical term or geographic name as entry element اردو ادب
9 (RLIN) 116161
650 ## - SUBJECT ADDED ENTRY--TOPICAL TERM
Topical term or geographic name as entry element اردو ڈرامہ
9 (RLIN) 462
650 ## - SUBJECT ADDED ENTRY--TOPICAL TERM
Topical term or geographic name as entry element Urdu literature
9 (RLIN) 116162
650 ## - SUBJECT ADDED ENTRY--TOPICAL TERM
Topical term or geographic name as entry element Urdu drama
9 (RLIN) 14322
942 ## - ADDED ENTRY ELEMENTS (KOHA)
Source of classification or shelving scheme Dewey Decimal Classification
Koha item type Urdu Bks
Classification part 842
Call number suffix ش ر م
Holdings
Withdrawn status Lost status Damaged status Not for loan Home library Current library Date acquired Source of acquisition Cost, normal purchase price Total Checkouts Full call number Barcode Date last seen Copy number Cost, replacement price Price effective from Koha item type
        Central Library Central Library 31/12/2015 Cen Lib/Ret 175.00   842 ش ر م A-940858 31/12/2015 1 175.00 31/12/2015 Urdu Bks

© Delhi Public Library
Hit Counter
free hit counter